000 00974nam a22002417a 4500
005 20081106164927.0
008 081106t xxu||||| |||| 00| 0 ur d
010 _aUR-7385
020 _a8187231874
_c300.00
035 _aU-5940
037 _bD.B.Act / Pub
082 _a324.2175
100 _aنريش نديم
245 _aہند و ستان کا سرخ سفر
_cنريش نديم
246 _aHindustan ka Surkh Safar(A history of India;sCommunist Movement)
_bby Naresh Nadeem
260 _aدھلی
_bتخليق کار پبليشرز
_c2007
270 _a104/B-Yawar Manzil,I Block ,Laxmi Nagar
_bدھلی
_e1100092
_k01122442572
_mqissey@rediffmail.com
300 _a415p
_c22cm (Pbk)
650 _aHistory of india
650 _aتا ريخ ہند و ستا ن
942 _adpl
_cUR
_2ddc
_h954
_mن ر ے
999 _c5647
_d5647